Story of the great flood and cyclone disasters, America's greatest calamity; (Record no. 1242)

MARC details
000 -LEADER
fixed length control field 00954nam a2200193 a 4500
005 - DATE AND TIME OF LATEST TRANSACTION
control field 20260322212052.0
008 - FIXED-LENGTH DATA ELEMENTS--GENERAL INFORMATION
fixed length control field data
010 ## - LIBRARY OF CONGRESS CONTROL NUMBER
LC control number 13-008298
092 ## - LOCALLY ASSIGNED DEWEY CALL NUMBER (OCLC)
Classification number 977 R96 1913
001 - CONTROL NUMBER
control field data
100 1# - MAIN ENTRY--PERSONAL NAME
Personal name Russell, Thomas Herbert,
Dates associated with a name 1862-1947
245 10 - TITLE STATEMENT
Title Story of the great flood and cyclone disasters, America's greatest calamity;
Statement of responsibility, etc. Edited by Thomas H. Russell.
260 ## - PUBLICATION, DISTRIBUTION, ETC.
Place of publication, distribution, etc. [Chicago]
Name of publisher, distributor, etc. Printed by Robt. O. Law Co.
Date of publication, distribution, etc. c1913
300 ## - PHYSICAL DESCRIPTION
Extent 320 p. :
Other physical details front., illlus., plates. ;
Dimensions 21 cm.
500 ## - GENERAL NOTE
General note In Library storage.
520 ## - SUMMARY, ETC.
Summary, etc. A complete and authentic account of the awful flood of 1913 in the rich and fertile valleys of Ohio and Indiana. President Wilson's appeal for aid and the country's noble response. The Omaha tornado; graphic and tragic story of the terrible tornado that struck Omaha and vicinity, killing many people and destroying hundreds of homes.
650 02 - SUBJECT ADDED ENTRY--TOPICAL TERM
Topical term or geographic name entry element Natural Disasters
General subdivision history
650 02 - SUBJECT ADDED ENTRY--TOPICAL TERM
Topical term or geographic name entry element Natural Disasters
Geographic subdivision Nebraska
General subdivision history
Holdings
Withdrawn status Lost status Damaged status Not for loan Home library Current library Shelving location Date acquired Total checkouts Full call number Barcode Date last seen Price effective from Koha item type
        Centerville Centerville General stacks 22/03/2026   GEN BC0011283 22/03/2026 22/03/2026 Books